Zákazková výroba - stupeň dokončenia zákazky a účtovanie

Účtovanie zákazkovej výroby. Znaky zákazkovej výroby: existencia písomnej zmluvy, cena, rozpočet, náklady, výnosy. Stupeň dokončenia zákazky. Účtovanie zákazky, výnosov zo zákazky, očakávanej straty zo zákazky.

Salvato in:
Dettagli Bibliografici
Autore principale: Mateášová, Martina, 1979-
Natura: Capitolo di libro
Lingua:slovacco
Soggetti:
Tags: Aggiungi Tag
Nessun Tag, puoi essere il primo ad aggiungerne!!

MARC

LEADER 00000naa$a2200000$$$4500
001 0066408
005 20240613140100.9
041 0 |a slo 
044 |a SK 
245 1 0 |a Zákazková výroba - stupeň dokončenia zákazky a účtovanie  |c Martina Mateášová 
520 |a Účtovanie zákazkovej výroby. Znaky zákazkovej výroby: existencia písomnej zmluvy, cena, rozpočet, náklady, výnosy. Stupeň dokončenia zákazky. Účtovanie zákazky, výnosov zo zákazky, očakávanej straty zo zákazky. 
610 2 0 |a účtovanie 
610 2 0 |a výroba zákazková 
610 2 0 |a zákazky 
610 2 0 |a ceny 
610 2 0 |a náklady 
610 2 0 |a výnosy 
610 2 0 |a rozpočet nákladov 
100 1 |a Mateášová, Martina, 1979-